[Event "Stay Safe Play From Home 406"]
[Site "Emanuel Lasker Arena"]
[Date "2020.08.24"]
[Round "4"]
[White "Fat Kevin"]
[Black "Nguyen Hong Anh"]
[Result "0-1"]
[WhiteElo "2005"]
[BlackElo "2256"]
[PlyCount "68"]
[EventDate "2020.08.24"]
[EventType "swiss (blitz)"]

1. d4 {[%emt 0:00:01]} c5 {[%emt 0:00:00]} 2. c4 {[%emt 0:00:00]} cxd4 {[%emt 0:00:01]} 3. Qxd4 {[%emt 0:00:00]} Nc6 {[%emt 0:00:00]} 4. Qd1 {[%emt 0:00:00]} g6 {[%emt 0:00:00]} 5. Nc3 {[%emt 0:00:00]} Bg7 {[%emt 0:00:00]} 6. e4 {[%emt 0:00:00]} Nf6 {[%emt 0:00:00]} 7. Nf3 {[%emt 0:00:01]} O-O {[%emt 0:00:00]} 8. Bg5 {[%emt 0:00:01]} d6 {[%emt 0:00:00]} 9. Be2 {[%emt 0:00:01]} Be6 {[%emt 0:00:00]} 10. O-O {[%emt 0:00:02]} Qa5 {[%emt 0:00:00]} 11. Nd5 {[%emt 0:00:01]} Nxe4 {[%emt 0:00:02]} 12. Bxe7 {[%emt 0:00:02]} Nxe7 {[%emt 0:00:02]} 13. Nxe7+ {[%emt 0:00:00]} Kh8 {[%emt 0:00:00]} 14. Bd3 {[%emt 0:00:02]} Nc5 {[%emt 0:00:01]} 15. Nd5 {[%emt 0:00:01]} Bxd5 {[%emt 0:00:02]} 16. cxd5 {[%emt 0:00:01]} Bxb2 {[%emt 0:00:00]} 17. Rb1 {[%emt 0:00:01]} Bg7 {[%emt 0:00:00]} 18. Ng5 {[%emt 0:00:01]} Qxa2 {[%emt 0:00:01]} 19. Be2 {[%emt 0:00:09]} h6 {[%emt 0:00:02]} 20. Nf3 {[%emt 0:00:01]} Rae8 {[%emt 0:00:01]} 21. Nd4 {[%emt 0:00:01]} Re4 {[%emt 0:00:03]} 22. Rb4 {[%emt 0:00:01]} Bxd4 {[%emt 0:00:03]} 23. Rxd4 {[%emt 0:00:00]} Qxe2 {[%emt 0:00:01]} 24. Rxe4 {[%emt 0:00:01]} Qxe4 {[%emt 0:00:02]} 25. Qd2 {[%emt 0:00:00]} Kg7 {[%emt 0:00:01]} 26. Ra1 {[%emt 0:00:02]} Qe5 {[%emt 0:00:01]} 27. Rxa7 {[%emt 0:00:02]} Re8 {[%emt 0:00:00]} 28. g3 {[%emt 0:00:01]} Qe1+ {[%emt 0:00:02]} 29. Qxe1 {[%emt 0:00:00]} Rxe1+ {[%emt 0:00:00]} 30. Kg2 {[%emt 0:00:00]} Rd1 {[%emt 0:00:00]} 31. Ra5 {[%emt 0:00:01]} Rxd5 {[%emt 0:00:00]} 32. Rxc5 {[%emt 0:00:00]} Rxc5 {[%emt 0:00:01]} 33. Kf3 {[%emt 0:00:00]} b5 {[%emt 0:00:00]} 34. Ke4 {[%emt 0:00:01]} b4 {[%emt 0:00:00] Fat Kevin gibt auf Fat Kevin gibt auf Fat Kevin gibt auf (Lag: Av=0.65s, max=1.1s) (Lag: Av=0.65s, max=1.1s) (Lag: Av=0.65s, max=1.1s)} 0-1

[Event "Stay Safe Play From Home 406"]
[Site "Emanuel Lasker Arena"]
[Date "2020.08.24"]
[Round "4"]
[White "Lazieri3"]
[Black "Lamborghini"]
[Result "0-1"]
[WhiteElo "1966"]
[BlackElo "2254"]
[PlyCount "84"]
[EventDate "2020.08.24"]
[EventType "swiss (blitz)"]

1. e4 {[%emt 0:00:01]} c5 {[%emt 0:00:02]} 2. Nc3 {[%emt 0:00:00]} Nc6 {[%emt 0:00:03]} 3. d3 {[%emt 0:00:00]} g6 {[%emt 0:00:01]} 4. Nf3 {[%emt 0:00:00]} Bg7 {[%emt 0:00:00]} 5. Be3 {[%emt 0:00:01]} d6 {[%emt 0:00:01]} 6. Qd2 {[%emt 0:00:01]} e5 {[%emt 0:00:01]} 7. Be2 {[%emt 0:00:01]} h6 {[%emt 0:00:01]} 8. Nd5 {[%emt 0:00:01]} Be6 {[%emt 0:00:01]} 9. c4 {[%emt 0:00:01]} Qd7 {[%emt 0:00:01]} 10. O-O-O {[%emt 0:00:02]} Rb8 {[%emt 0:00:02]} 11. Nc3 {[%emt 0:00:05]} a6 {[%emt 0:00:01]} 12. a4 {[%emt 0:00:01]} Nge7 {[%emt 0:00:02]} 13. Kc2 {[%emt 0:00:04]} Nd4+ {[%emt 0:00:02]} 14. Bxd4 {[%emt 0:00:01]} cxd4 {[%emt 0:00:01]} 15. Nd5 {[%emt 0:00:00]} Bxd5 {[%emt 0:00:01]} 16. exd5 {[%emt 0:00:00]} Qxa4+ {[%emt 0:00:01]} 17. Kb1 {[%emt 0:00:02]} b5 {[%emt 0:00:01]} 18. Qc2 {[%emt 0:00:01]} Qxc2+ {[%emt 0:00:01]} 19. Kxc2 {[%emt 0:00:01]} bxc4 {[%emt 0:00:01]} 20. dxc4 {[%emt 0:00:00]} Rb6 {[%emt 0:00:05]} 21. b3 {[%emt 0:00:02]} Kd7 {[%emt 0:00:01]} 22. Nd2 {[%emt 0:00:02]} Rc8 {[%emt 0:00:01]} 23. Rb1 {[%emt 0:00:02]} Nxd5 {[%emt 0:00:02]} 24. Ne4 {[%emt 0:00:03]} Nb4+ {[%emt 0:00:02]} 25. Kd2 {[%emt 0:00:02]} f5 {[%emt 0:00:00]} 26. c5 {[%emt 0:00:01]} dxc5 {[%emt 0:00:01]} 27. Ng3 {[%emt 0:00:03]} e4 {[%emt 0:00:01]} 28. Bc4 {[%emt 0:00:03]} Nc6 {[%emt 0:00:04]} 29. Ra1 {[%emt 0:00:02]} Ne5 {[%emt 0:00:02]} 30. Rxa6 {[%emt 0:00:01]} Nxc4+ {[%emt 0:00:01]} 31. bxc4 {[%emt 0:00:02]} Rxa6 {[%emt 0:00:00]} 32. Rb1 {[%emt 0:00:02]} Ra2+ {[%emt 0:00:01]} 33. Ke1 {[%emt 0:00:00]} Rc7 {[%emt 0:00:00]} 34. Ne2 {[%emt 0:00:01]} d3 {[%emt 0:00:00]} 35. Nc3 {[%emt 0:00:01]} Bxc3+ {[%emt 0:00:01]} 36. Kf1 {[%emt 0:00:01]} Rb2 {[%emt 0:00:01]} 37. Rd1 {[%emt 0:00:01]} Rcb7 {[%emt 0:00:01]} 38. g4 {[%emt 0:00:00]} Rb1 {[%emt 0:00:01]} 39. Rxb1 {[%emt 0:00:01]} Rxb1+ {[%emt 0:00:01]} 40. Kg2 {[%emt 0:00:00]} d2 {[%emt 0:00:00]} 41. gxf5 {[%emt 0:00:01]} d1=Q {[%emt 0:00:00]} 42. fxg6 {[%emt 0:00:00]} Qf3# {[%emt 0:00:00] (Lag: Av=0.47s, max=0.8s) (Lag: Av=0.47s, max=0.8s) (Lag: Av=0.47s, max=0.8s)} 0-1

[Event "Stay Safe Play From Home 406"]
[Site "Emanuel Lasker Arena"]
[Date "2020.08.24"]
[Round "4"]
[White "Greblah"]
[Black "theCHESSHOUSE"]
[Result "0-1"]
[WhiteElo "1869"]
[BlackElo "2020"]
[PlyCount "76"]
[EventDate "2020.08.24"]
[EventType "swiss (blitz)"]

1. e4 {[%emt 0:00:01]} c6 {[%emt 0:00:01]} 2. d4 {[%emt 0:00:01]} d5 {[%emt 0:00:00]} 3. exd5 {[%emt 0:00:00]} cxd5 {[%emt 0:00:00]} 4. Bd3 {[%emt 0:00:01]} Nf6 {[%emt 0:00:00]} 5. c3 {[%emt 0:00:01]} Nc6 {[%emt 0:00:00]} 6. Ne2 {[%emt 0:00:01]} g6 {[%emt 0:00:00]} 7. O-O {[%emt 0:00:00]} Bg7 {[%emt 0:00:00]} 8. Ng3 {[%emt 0:00:01]} O-O {[%emt 0:00:00]} 9. Bg5 {[%emt 0:00:01]} h6 {[%emt 0:00:01]} 10. Be3 {[%emt 0:00:01]} e5 {[%emt 0:00:01]} 11. Qc1 {[%emt 0:00:02]} e4 {[%emt 0:00:00]} 12. Be2 {[%emt 0:00:02]} Kh7 {[%emt 0:00:00]} 13. Nd2 {[%emt 0:00:02]} Ng4 {[%emt 0:00:01]} 14. Bxg4 {[%emt 0:00:02]} Bxg4 {[%emt 0:00:00]} 15. h3 {[%emt 0:00:01]} Be6 {[%emt 0:00:01]} 16. Nb3 {[%emt 0:00:00]} b6 {[%emt 0:00:01]} 17. Ne2 {[%emt 0:00:02]} g5 {[%emt 0:00:02]} 18. Ng3 {[%emt 0:00:03]} f5 {[%emt 0:00:01]} 19. Bd2 {[%emt 0:00:02]} f4 {[%emt 0:00:01]} 20. Nh1 {[%emt 0:00:01]} Qd7 {[%emt 0:00:03]} 21. a4 {[%emt 0:00:01]} Rac8 {[%emt 0:00:01]} 22. a5 {[%emt 0:00:01]} b5 {[%emt 0:00:01]} 23. Nc5 {[%emt 0:00:01]} Qe7 {[%emt 0:00:00]} 24. Nxe6 {[%emt 0:00:01]} Qxe6 {[%emt 0:00:00]} 25. a6 {[%emt 0:00:01]} Nb4 {[%emt 0:00:01]} 26. Qd1 {[%emt 0:00:02]} Nd3 {[%emt 0:00:01]} 27. Bc1 {[%emt 0:00:01]} f3 {[%emt 0:00:03]} 28. g4 {[%emt 0:00:02]} h5 {[%emt 0:00:02]} 29. Ng3 {[%emt 0:00:02]} hxg4 {[%emt 0:00:02]} 30. hxg4 {[%emt 0:00:01]} Qxg4 {[%emt 0:00:01]} 31. Bxg5 {[%emt 0:00:02]} Qxg5 {[%emt 0:00:02]} 32. Re1 {[%emt 0:00:12]} Bh6 {[%emt 0:00:04]} 33. Re3 {[%emt 0:00:03]} Rg8 {[%emt 0:00:04]} 34. Rxd3 {[%emt 0:00:01]} exd3 {[%emt 0:00:02]} 35. Qxd3+ {[%emt 0:00:01]} Qg6 {[%emt 0:00:00]} 36. Qxf3 {[%emt 0:00:01]} Rcf8 {[%emt 0:00:02]} 37. Qxd5 {[%emt 0:00:01]} Rf7 {[%emt 0:00:01]} 38. Re1 {[%emt 0:00:02]} Qf6 {[%emt 0:00:01] Zeit Zeit Zeit (Lag: Av=0.63s, max=1.0s) (Lag: Av=0.63s, max=1.0s) (Lag: Av=0.63s, max=1.0s)} 0-1

[Event "Stay Safe Play From Home 406"]
[Site "Emanuel Lasker Arena"]
[Date "2020.08.24"]
[Round "4"]
[White "Klasman"]
[Black "Mvali"]
[Result "1-0"]
[WhiteElo "1302"]
[BlackElo "1169"]
[Annotator "NA"]
[PlyCount "21"]
[EventDate "2020.08.24"]
[EventType "swiss (blitz)"]

1. f4 {[%emt 0:00:02]} f5 {[%emt 0:00:09]} 2. e3 {[%emt 0:00:02]} d6 {[%emt 0:00:07]} 3. c4 {[%emt 0:00:01]} Na6 {[%emt 0:00:04]} 4. d4 {[%emt 0:00:02]} Bd7 {[%emt 0:00:05]} 5. Nf3 {[%emt 0:00:01]} h6 {[%emt 0:00:05]} 6. Nc3 {[%emt 0:00:01]} e6 {[%emt 0:00:06]} 7. Be2 {[%emt 0:00:12]} Be7 {[%emt 0:00:08]} 8. Kf1 {[%emt 0:00:04]} Bf6 {[%emt 0:00:06]} 9. Bd2 {[%emt 0:00:01]} Qe7 {[%emt 0:00:03]} 10. a3 {[%emt 0:00:01]} O-O-O {[%emt 0:00:02]} 11. b4 {[%emt 0:00:01] TimeB TimeB TimeB} 1-0

[Event "Stay Safe Play From Home 406"]
[Site "Emanuel Lasker Arena"]
[Date "2020.08.24"]
[Round "4"]
[White "KING o KONG"]
[Black "Buzaglo"]
[Result "0-1"]
[WhiteElo "946"]
[BlackElo "1830"]
[Annotator "NA"]
[PlyCount "56"]
[EventDate "2020.08.24"]
[EventType "swiss (blitz)"]

1. e3 {[%emt 0:00:04]} e6 {[%emt 0:00:00]} 2. d3 {[%emt 0:00:01]} d5 {[%emt 0:00:00]} 3. Nh3 {[%emt 0:00:01]} Nf6 {[%emt 0:00:00]} 4. Bd2 {[%emt 0:00:01]} e5 {[%emt 0:00:01]} 5. d4 {[%emt 0:00:01]} c5 {[%emt 0:00:01]} 6. Bb5+ {[%emt 0:00:02]} Nc6 {[%emt 0:00:02]} 7. Bxc6+ {[%emt 0:00:01]} bxc6 {[%emt 0:00:00]} 8. c3 {[%emt 0:00:01]} exd4 {[%emt 0:00:01]} 9. Qa4 {[%emt 0:00:01]} Bd7 {[%emt 0:00:01]} 10. Na3 {[%emt 0:00:04]} dxe3 {[%emt 0:00:02]} 11. fxe3 {[%emt 0:00:04]} c4 {[%emt 0:00:01]} 12. O-O-O {[%emt 0:00:01]} Bd6 {[%emt 0:00:02]} 13. Rhe1 {[%emt 0:00:01]} O-O {[%emt 0:00:01]} 14. g4 {[%emt 0:00:01]} Ne4 {[%emt 0:00:01]} 15. Ng5 {[%emt 0:00:04]} Nxg5 {[%emt 0:00:02]} 16. e4 {[%emt 0:00:02]} Nxe4 {[%emt 0:00:01]} 17. Rxe4 {[%emt 0:00:02]} dxe4 {[%emt 0:00:01]} 18. Re1 {[%emt 0:00:01]} Re8 {[%emt 0:00:06]} 19. Qxc4 {[%emt 0:00:02]} Be6 {[%emt 0:00:01]} 20. Qxe4 {[%emt 0:00:04]} Bd5 {[%emt 0:00:06]} 21. Qd4 {[%emt 0:00:02]} Rxe1+ {[%emt 0:00:01]} 22. Bxe1 {[%emt 0:00:01]} Qg5+ {[%emt 0:00:01]} 23. Kc2 {[%emt 0:00:03]} Re8 {[%emt 0:00:03]} 24. Bd2 {[%emt 0:00:01]} Qg6+ {[%emt 0:00:01]} 25. Kc1 {[%emt 0:00:05]} Be5 {[%emt 0:00:04]} 26. Qc5 {[%emt 0:00:04]} Be6 {[%emt 0:00:04]} 27. c4 {[%emt 0:00:02]} Qxg4 {[%emt 0:00:02]} 28. b4 {[%emt 0:00:01]} Bf6 {[%emt 0:00:01] TimeW TimeW TimeW} 0-1

[Event "Stay Safe Play From Home 406"]
[Site "Emanuel Lasker Arena"]
[Date "2020.08.24"]
[Round "5"]
[White "Tran Minh Thang"]
[Black "Lamborghini"]
[Result "1-0"]
[WhiteElo "2451"]
[BlackElo "2259"]
[PlyCount "153"]
[EventDate "2020.08.24"]
[EventType "swiss (blitz)"]

1. Nf3 {[%emt 0:00:02]} Nf6 {[%emt 0:00:01]} 2. e3 {[%emt 0:00:01]} g6 {[%emt 0:00:00]} 3. b3 {[%emt 0:00:02]} Bg7 {[%emt 0:00:00]} 4. Bb2 {[%emt 0:00:00]} O-O {[%emt 0:00:00]} 5. d4 {[%emt 0:00:00]} d6 {[%emt 0:00:00]} 6. Be2 {[%emt 0:00:00]} b6 {[%emt 0:00:00]} 7. O-O {[%emt 0:00:00]} Bb7 {[%emt 0:00:00]} 8. a4 {[%emt 0:00:00]} Nbd7 {[%emt 0:00:00]} 9. a5 {[%emt 0:00:00]} a6 {[%emt 0:00:00]} 10. axb6 {[%emt 0:00:01]} cxb6 {[%emt 0:00:01]} 11. Nbd2 {[%emt 0:00:00]} Qc7 {[%emt 0:00:01]} 12. Nc4 {[%emt 0:00:00]} Rfc8 {[%emt 0:00:02]} 13. Re1 {[%emt 0:00:01]} b5 {[%emt 0:00:02]} 14. Na5 {[%emt 0:00:01]} Be4 {[%emt 0:00:01]} 15. c4 {[%emt 0:00:03]} bxc4 {[%emt 0:00:02]} 16. bxc4 {[%emt 0:00:00]} Rab8 {[%emt 0:00:02]} 17. Bc3 {[%emt 0:00:00]} Ba8 {[%emt 0:00:03]} 18. Nd2 {[%emt 0:00:01]} Ne4 {[%emt 0:00:01]} 19. Nxe4 {[%emt 0:00:01]} Bxe4 {[%emt 0:00:00]} 20. Bf3 {[%emt 0:00:00]} Nf6 {[%emt 0:00:01]} 21. d5 {[%emt 0:00:07]} Bxf3 {[%emt 0:00:02]} 22. Qxf3 {[%emt 0:00:00]} Nd7 {[%emt 0:00:01]} 23. Bxg7 {[%emt 0:00:01]} Kxg7 {[%emt 0:00:00]} 24. Nc6 {[%emt 0:00:00]} Ne5 {[%emt 0:00:01]} 25. Nxe5 {[%emt 0:00:03]} dxe5 {[%emt 0:00:00]} 26. Rec1 {[%emt 0:00:00]} Qd6 {[%emt 0:00:01]} 27. h4 {[%emt 0:00:03]} h5 {[%emt 0:00:01]} 28. Qe4 {[%emt 0:00:02]} Rc5 {[%emt 0:00:01]} 29. Ra4 {[%emt 0:00:01]} a5 {[%emt 0:00:01]} 30. Rca1 {[%emt 0:00:01]} Rbc8 {[%emt 0:00:02]} 31. g3 {[%emt 0:00:03]} f5 {[%emt 0:00:02]} 32. Qd3 {[%emt 0:00:01]} e4 {[%emt 0:00:01]} 33. Qd4+ {[%emt 0:00:01]} Qf6 {[%emt 0:00:01]} 34. Rb1 {[%emt 0:00:04]} Qxd4 {[%emt 0:00:01]} 35. exd4 {[%emt 0:00:00]} Rxc4 {[%emt 0:00:00]} 36. Rxa5 {[%emt 0:00:00]} Rxd4 {[%emt 0:00:02]} 37. Rb7 {[%emt 0:00:01]} Kf6 {[%emt 0:00:01]} 38. Ra6+ {[%emt 0:00:01]} Kf7 {[%emt 0:00:02]} 39. d6 {[%emt 0:00:00]} Rc1+ {[%emt 0:00:01]} 40. Kg2 {[%emt 0:00:01]} Rcd1 {[%emt 0:00:02]} 41. dxe7 {[%emt 0:00:02]} Rd7 {[%emt 0:00:02]} 42. Raa7 {[%emt 0:00:00]} Kxe7 {[%emt 0:00:02]} 43. Rxd7+ {[%emt 0:00:03]} Rxd7 {[%emt 0:00:00]} 44. Ra6 {[%emt 0:00:00]} Kf7 {[%emt 0:00:01]} 45. Ra8 {[%emt 0:00:00]} Rd3 {[%emt 0:00:01]} 46. Ra2 {[%emt 0:00:01]} Kf6 {[%emt 0:00:00]} 47. Rb2 {[%emt 0:00:01]} f4 {[%emt 0:00:01]} 48. Rb6+ {[%emt 0:00:00]} Kf5 {[%emt 0:00:01]} 49. Rb5+ {[%emt 0:00:00]} Kf6 {[%emt 0:00:01]} 50. gxf4 {[%emt 0:00:00]} Rf3 {[%emt 0:00:01]} 51. Rb4 {[%emt 0:00:02]} Kf5 {[%emt 0:00:01]} 52. Rb5+ {[%emt 0:00:01]} Kxf4 {[%emt 0:00:01]} 53. Rg5 {[%emt 0:00:00]} e3 {[%emt 0:00:01]} 54. fxe3+ {[%emt 0:00:00]} Rxe3 {[%emt 0:00:01]} 55. Rxg6 {[%emt 0:00:00]} Re2+ {[%emt 0:00:00]} 56. Kh3 {[%emt 0:00:00]} Re5 {[%emt 0:00:00]} 57. Kh2 {[%emt 0:00:00]} Re3 {[%emt 0:00:01]} 58. Rg2 {[%emt 0:00:00]} Kf3 {[%emt 0:00:00]} 59. Rg3+ {[%emt 0:00:00]} Kf4 {[%emt 0:00:01]} 60. Rg2 {[%emt 0:00:00]} Re4 {[%emt 0:00:01]} 61. Rg1 {[%emt 0:00:00]} Kf3 {[%emt 0:00:01]} 62. Kh3 {[%emt 0:00:00]} Rg4 {[%emt 0:00:01]} 63. Rf1+ {[%emt 0:00:00]} Ke2 {[%emt 0:00:01]} 64. Rf5 {[%emt 0:00:00]} Re4 {[%emt 0:00:00]} 65. Rxh5 {[%emt 0:00:00]} Re3+ {[%emt 0:00:00]} 66. Kg4 {[%emt 0:00:00]} Kf2 {[%emt 0:00:01]} 67. Kg5 {[%emt 0:00:00]} Rg3+ {[%emt 0:00:00]} 68. Kh6 {[%emt 0:00:00]} Rf3 {[%emt 0:00:00]} 69. Rg5 {[%emt 0:00:00]} Rg3 {[%emt 0:00:00]} 70. h5 {[%emt 0:00:00]} Kf3 {[%emt 0:00:00]} 71. Kg6 {[%emt 0:00:00]} Kf4 {[%emt 0:00:00]} 72. Rxg3 {[%emt 0:00:01]} Kxg3 {[%emt 0:00:00]} 73. h6 {[%emt 0:00:00]} Kf4 {[%emt 0:00:00]} 74. h7 {[%emt 0:00:00]} Ke4 {[%emt 0:00:00]} 75. h8=Q {[%emt 0:00:00]} Kd5 {[%emt 0:00:00]} 76. Qf6 {[%emt 0:00:00]} Ke4 {[%emt 0:00:00]} 77. Qe6+ {[%emt 0:00:00] Zeit Zeit Zeit} 1-0

[Event "Stay Safe Play From Home 406"]
[Site "Emanuel Lasker Arena"]
[Date "2020.08.24"]
[Round "5"]
[White "Mepe_Nika"]
[Black "NTBT_DHS"]
[Result "0-1"]
[WhiteElo "2432"]
[BlackElo "2540"]
[PlyCount "120"]
[EventDate "2020.08.24"]
[EventType "swiss (blitz)"]

1. Nf3 {[%emt 0:00:01]} g6 {[%emt 0:00:01]} 2. d4 {[%emt 0:00:01]} Bg7 {[%emt 0:00:00]} 3. c4 {[%emt 0:00:01]} Nf6 {[%emt 0:00:00]} 4. Nc3 {[%emt 0:00:00]} O-O {[%emt 0:00:00]} 5. e3 {[%emt 0:00:00]} d6 {[%emt 0:00:00]} 6. Be2 {[%emt 0:00:01]} c5 {[%emt 0:00:00]} 7. O-O {[%emt 0:00:01]} Nc6 {[%emt 0:00:00]} 8. a3 {[%emt 0:00:01]} cxd4 {[%emt 0:00:02]} 9. exd4 {[%emt 0:00:01]} Bf5 {[%emt 0:00:00]} 10. Bd3 {[%emt 0:00:02]} Bg4 {[%emt 0:00:01]} 11. Be2 {[%emt 0:00:01]} Nd7 {[%emt 0:00:01]} 12. h3 {[%emt 0:00:01]} Bxf3 {[%emt 0:00:01]} 13. Bxf3 {[%emt 0:00:00]} Nxd4 {[%emt 0:00:00]} 14. Bxb7 {[%emt 0:00:01]} Rb8 {[%emt 0:00:00]} 15. Bf3 {[%emt 0:00:02]} Nb3 {[%emt 0:00:01]} 16. Rb1 {[%emt 0:00:02]} Nxc1 {[%emt 0:00:02]} 17. Qxc1 {[%emt 0:00:01]} Nc5 {[%emt 0:00:01]} 18. b4 {[%emt 0:00:02]} Ne6 {[%emt 0:00:02]} 19. Rd1 {[%emt 0:00:02]} Nd4 {[%emt 0:00:00]} 20. Qe3 {[%emt 0:00:01]} e5 {[%emt 0:00:02]} 21. Nd5 {[%emt 0:00:02]} Kh8 {[%emt 0:00:00]} 22. h4 {[%emt 0:00:01]} Qxh4 {[%emt 0:00:01]} 23. Be4 {[%emt 0:00:01]} f5 {[%emt 0:00:01]} 24. g3 {[%emt 0:00:01]} Qxe4 {[%emt 0:00:01]} 25. Qxe4 {[%emt 0:00:01]} fxe4 {[%emt 0:00:00]} 26. Ne3 {[%emt 0:00:03]} Bh6 {[%emt 0:00:02]} 27. Ng4 {[%emt 0:00:02]} Bg5 {[%emt 0:00:00]} 28. Kg2 {[%emt 0:00:01]} h5 {[%emt 0:00:01]} 29. Ne3 {[%emt 0:00:01]} Rf3 {[%emt 0:00:02]} 30. Nd5 {[%emt 0:00:01]} Rbf8 {[%emt 0:00:01]} 31. Rb2 {[%emt 0:00:00]} Kg7 {[%emt 0:00:03]} 32. Re1 {[%emt 0:00:00]} h4 {[%emt 0:00:04]} 33. gxh4 {[%emt 0:00:02]} Bxh4 {[%emt 0:00:01]} 34. Rxe4 {[%emt 0:00:01]} Rxf2+ {[%emt 0:00:00]} 35. Rxf2 {[%emt 0:00:01]} Rxf2+ {[%emt 0:00:00]} 36. Kh3 {[%emt 0:00:00]} g5 {[%emt 0:00:02]} 37. Kg4 {[%emt 0:00:02]} Kh6 {[%emt 0:00:03]} 38. Ne3 {[%emt 0:00:01]} Rf4+ {[%emt 0:00:05]} 39. Rxf4 {[%emt 0:00:01]} exf4 {[%emt 0:00:00]} 40. Ng2 {[%emt 0:00:03]} Bf2 {[%emt 0:00:02]} 41. c5 {[%emt 0:00:01]} dxc5 {[%emt 0:00:00]} 42. bxc5 {[%emt 0:00:00]} Kg6 {[%emt 0:00:00]} 43. a4 {[%emt 0:00:02]} a5 {[%emt 0:00:01]} 44. Nxf4+ {[%emt 0:00:05]} gxf4 {[%emt 0:00:01]} 45. Kxf4 {[%emt 0:00:00]} Kf6 {[%emt 0:00:00]} 46. Ke4 {[%emt 0:00:00]} Ke6 {[%emt 0:00:00]} 47. Kd3 {[%emt 0:00:01]} Kd5 {[%emt 0:00:00]} 48. c6 {[%emt 0:00:00]} Nxc6 {[%emt 0:00:00]} 49. Kc3 {[%emt 0:00:01]} Kc5 {[%emt 0:00:01]} 50. Kb3 {[%emt 0:00:00]} Nd4+ {[%emt 0:00:00]} 51. Ka3 {[%emt 0:00:00]} Be3 {[%emt 0:00:00]} 52. Kb2 {[%emt 0:00:01]} Kb4 {[%emt 0:00:00]} 53. Ka2 {[%emt 0:00:00]} Kc3 {[%emt 0:00:01]} 54. Ka3 {[%emt 0:00:01]} Kc2 {[%emt 0:00:00]} 55. Ka2 {[%emt 0:00:00]} Bd2 {[%emt 0:00:00]} 56. Ka3 {[%emt 0:00:00]} Ne2 {[%emt 0:00:01]} 57. Ka2 {[%emt 0:00:00]} Bc3 {[%emt 0:00:01]} 58. Ka3 {[%emt 0:00:00]} Bd4 {[%emt 0:00:00]} 59. Ka2 {[%emt 0:00:00]} Nc1+ {[%emt 0:00:00]} 60. Ka3 {[%emt 0:00:00]} Bb2# {[%emt 0:00:00] (Lag: Av=0.61s, max=1.2s) (Lag: Av=0.61s, max=1.2s) (Lag: Av=0.61s, max=1.2s)} 0-1

[Event "Stay Safe Play From Home 406"]
[Site "Emanuel Lasker Arena"]
[Date "2020.08.24"]
[Round "5"]
[White "IceQueen"]
[Black "AgentsofShield"]
[Result "1-0"]
[WhiteElo "2335"]
[BlackElo "1942"]
[PlyCount "103"]
[EventDate "2020.08.24"]
[EventType "swiss (blitz)"]

1. e4 {[%emt 0:00:01]} c5 {[%emt 0:00:01]} 2. Nc3 {[%emt 0:00:00]} Nc6 {[%emt 0:00:01]} 3. Nf3 {[%emt 0:00:00]} d6 {[%emt 0:00:01]} 4. Bb5 {[%emt 0:00:01]} Bd7 {[%emt 0:00:02]} 5. Bxc6 {[%emt 0:00:00]} Bxc6 {[%emt 0:00:01]} 6. O-O {[%emt 0:00:00]} Nf6 {[%emt 0:00:01]} 7. d3 {[%emt 0:00:00]} e5 {[%emt 0:00:00]} 8. a3 {[%emt 0:00:00]} h6 {[%emt 0:00:01]} 9. b4 {[%emt 0:00:00]} Be7 {[%emt 0:00:02]} 10. bxc5 {[%emt 0:00:01]} dxc5 {[%emt 0:00:01]} 11. Nxe5 {[%emt 0:00:00]} Qc7 {[%emt 0:00:01]} 12. Nxc6 {[%emt 0:00:01]} Qxc6 {[%emt 0:00:00]} 13. Bf4 {[%emt 0:00:01]} O-O {[%emt 0:00:01]} 14. Re1 {[%emt 0:00:01]} Rad8 {[%emt 0:00:01]} 15. Rb1 {[%emt 0:00:01]} b6 {[%emt 0:00:02]} 16. a4 {[%emt 0:00:00]} c4 {[%emt 0:00:01]} 17. Qd2 {[%emt 0:00:03]} Rd7 {[%emt 0:00:02]} 18. d4 {[%emt 0:00:01]} a5 {[%emt 0:00:04]} 19. d5 {[%emt 0:00:01]} Qb7 {[%emt 0:00:04]} 20. Be3 {[%emt 0:00:02]} Bb4 {[%emt 0:00:01]} 21. Qd4 {[%emt 0:00:02]} Bxc3 {[%emt 0:00:01]} 22. Qxc3 {[%emt 0:00:01]} Nxe4 {[%emt 0:00:00]} 23. Qxc4 {[%emt 0:00:03]} Qxd5 {[%emt 0:00:01]} 24. Qxd5 {[%emt 0:00:01]} Rxd5 {[%emt 0:00:00]} 25. Rxb6 {[%emt 0:00:01]} Rc8 {[%emt 0:00:01]} 26. Rb5 {[%emt 0:00:06]} Nf6 {[%emt 0:00:10]} 27. Rc1 {[%emt 0:00:08]} Rxc2 {[%emt 0:00:04]} 28. Rxd5 {[%emt 0:00:03]} Rxc1+ {[%emt 0:00:01]} 29. Bxc1 {[%emt 0:00:00]} Nxd5 {[%emt 0:00:00]} 30. Bd2 {[%emt 0:00:00]} Nb6 {[%emt 0:00:01]} 31. Bxa5 {[%emt 0:00:01]} Nxa4 {[%emt 0:00:00]} 32. f3 {[%emt 0:00:01]} Nc5 {[%emt 0:00:01]} 33. Kf2 {[%emt 0:00:00]} Ne6 {[%emt 0:00:00]} 34. Ke3 {[%emt 0:00:01]} f5 {[%emt 0:00:03]} 35. Kd3 {[%emt 0:00:02]} Kf7 {[%emt 0:00:00]} 36. g3 {[%emt 0:00:01]} g5 {[%emt 0:00:00]} 37. Bd2 {[%emt 0:00:02]} h5 {[%emt 0:00:01]} 38. Kc4 {[%emt 0:00:01]} Kg6 {[%emt 0:00:01]} 39. Kd5 {[%emt 0:00:00]} Ng7 {[%emt 0:00:00]} 40. Ke5 {[%emt 0:00:00]} Ne8 {[%emt 0:00:01]} 41. Ke6 {[%emt 0:00:01]} Nf6 {[%emt 0:00:00]} 42. Bc3 {[%emt 0:00:02]} Ne8 {[%emt 0:00:01]} 43. Be5 {[%emt 0:00:01]} g4 {[%emt 0:00:02]} 44. f4 {[%emt 0:00:01]} h4 {[%emt 0:00:01]} 45. Ke7 {[%emt 0:00:00]} Nc7 {[%emt 0:00:02]} 46. Bxc7 {[%emt 0:00:01]} hxg3 {[%emt 0:00:00]} 47. hxg3 {[%emt 0:00:00]} Kg7 {[%emt 0:00:00]} 48. Ke6 {[%emt 0:00:00]} Kg6 {[%emt 0:00:00]} 49. Bd6 {[%emt 0:00:01]} Kh5 {[%emt 0:00:00]} 50. Ke5 {[%emt 0:00:00]} Kg6 {[%emt 0:00:00]} 51. Ke6 {[%emt 0:00:00]} Kh5 {[%emt 0:00:00]} 52. Kxf5 {[%emt 0:00:00] Time Time Time (Lag: Av=0.75s, max=1.6s) (Lag: Av=0.75s, max=1.6s) (Lag: Av=0.75s, max=1.6s)} 1-0